Die Top 10 beliebtesten Pringles Sorten - Statistiken

Allgemein
  • Dieses Quiz wurde 122 mal gespielt
  • Das Durchschnittsergebnis liegt bei 2 aus 10
Antwortstatistiken
Hint Antwort % Korrekt
1 Original
52%
2 Sour Cream & Onion
41%
4 Barbecue
21%
7 Salt & Vinegar
21%
6 Ranch
15%
8 Buffalo Ranch
13%
9 Loaded Baked Potato
12%
5 Pizza
12%
10 Sweet Chilli
12%
3 Cheddar Cheese
8%
Keine übereinstimmenden Quizze gefunden
Verteilung der Resultate
Anzahl Personen mit jedem Resultat
Perzentil nach korrekt beantworteten Fragen
Ihre Resultats-Entwicklung
Sie haben dieses Quiz noch nicht gespielt